| 000 | 02355nam a2200313Ia 4500 | ||
|---|---|---|---|
| 001 | dia_1978 | ||
| 003 | CHAP | ||
| 005 | 20230614100909.0 | ||
| 008 | 220117s1976 xx 000 0 und d | ||
| 010 | _a172510 | ||
| 040 | _cCHAP | ||
| 082 | _a370.72 S45 1976 | ||
| 110 |
_aE.N.A. Departamento de Industrias Agrícolas _9147432 |
||
| 245 |
_aSeminario del personal docente 1976 / _c colaboración Armando Santos Moreno...[et al.] |
||
| 260 |
_aMéxico : _b E.N.A. Departamento de Industrias Agrícolas, _c1976 |
||
| 300 | _a211 h. | ||
| 505 | _aCambios bioquímicos en la maduración de frutas / Armando Santos Moreno \Aspectos fisiológicos de la floración, desarrollo y maduración del fruto del plátano (Musa sp.) / Lorenzo Alvarado y Sosa \ Fisiología del desarrollo y maduración de mangos / Crescenciano Saucedo Veloz \ Estudio de cambios organolépticos durante la maduración del mango manila a diversas temperaturas / Jorge Castillo Merino \ Estudio de la producción, manejo y beneficio del orégano (Origanum vulgare) en el estado de Hidalgo / Luis F. Ramayo Ramírez y Roberto Herrera Saldaña \ El control de la calidad en la producción de alimentos en México / Jorge Martínez Estrada \ Diseño óptimo económico / Jesus Fernández López \ Crédito agrícola para diferentes tipos de agricultura / Georgel Moctezuma López \ Degradación microbiana de celulosa / Salvador Martínez Romero \ Diseño de cámaras para atmósfera controlada / Ramón Sepúlveda Lerma \ El transporte frigorífico de productos perecederos / Julio Serrano Pérez \ Estudio de microorganismos a nivel de planta piloto / Féliz Esparza Torres \ El factor de potencia en un circuito agroindustrial / J. Eleazar Aldaba Chávez | ||
| 590 | _aS539.5 S45 1976 | ||
| 650 |
_aAgricultural education _xCongresses _9151959 |
||
| 650 |
_aDocentes _xInvestigación educativa _xCongresos, conferencias, etc. _9151960 |
||
| 650 |
_aEducación agrícola _xCongresos, conferencias, etc. _9151961 |
||
| 650 |
_aTeachers _xEducational research _xCongresses _9151962 |
||
| 700 |
_aSantos Moreno, Armando, coaut. _9145985 |
||
| 710 |
_aEscuela Nacional de Agricultura. Departamento de Industrias Agrícolas _9151963 |
||
| 901 | _a370.72 S45 1976 | ||
| 902 | _aM | ||
| 905 | _a5232271976 mx amn 8223323322spa16 | ||
| 942 |
_cLIBRO _2ddc |
||
| 999 |
_c172510 _d172510 |
||